Mali-visa - Statistics

Yleistilastot
  • Tätä visaa on pelattu 234 kertaa
  • Keskiarvotulos 12 / 18
Vastaustilastot
Vihje Vastaus % Oikein
Naapurimaat Algeria
97%
Naapurimaat Niger
96%
Naapurimaat Mauritania
95%
Aavikko Malin pohjoisosassa Sahara
95%
Naapurimaat Burkina Faso
94%
Naapurimaat Senegal
92%
Naapurimaat Guinea
90%
Yleisin uskonto Islam
89%
Ainoa virallinen kieli ennen vuotta 2023 Ranska
89%
Naapurimaat Norsunluurannikko
84%
Pääkaupunki Bamako
76%
Muinainen kaupankäynnin keskus Malin keskiosissa Timbuktu
67%
Puolikuiva alue yllä olevan eteläpuolella Sahel
47%
Malin kuningaskunnan hallitsija, jota on virheellisesti kutsuttu historian rikkaimmaksi henkilöksi Mansa {Musa}
44%
Maailman suurin savitiilirakennus {Djennén} suurmoskeija
13%
Malin suurimmat etniset ryhmät Fulbet
13%
Malin suurimmat etniset ryhmät Mandet
12%
Kirjaimella G alkava sana, joka viittaa länsiafrikkalaiseen tarinankertojaan Griootti
11%
Ehtoja vastaavia visoja ei löytynyt
Tulosjakauma
Jokaisen tuloksen saaneiden osuus
Persentiili vastausten määrän mukaan
Tuloshistoriasi
Et ole pelannut tätä visaa